00278nam a2200121Ia 4500008004100000100001900041245001900060260003000079300000900109650001400118942000700132999001700139190216s9999||||xx |||||||||||||| ||und|| aSugatha Kumari 0aIrulchirakukal bNational Book Stallc1969 a103p aKavithkal cBK c24722d24722